The Soviets in International Organizations: (Record no. 13171)
[ view plain ]
| 000 -LEADER | |
|---|---|
| fixed length control field | 00981cam a2200265 4500 |
| 001 - CONTROL NUMBER | |
| control field | 1223689 |
| 005 - DATE AND TIME OF LATEST TRANSACTION | |
| control field | 20171024114808.0 |
| 008 - FIXED-LENGTH DATA ELEMENTS--GENERAL INFORMATION | |
| fixed length control field | 700729s1964 nju |db 001 0 eng d |
| 010 ## - LIBRARY OF CONGRESS CONTROL NUMBER | |
| LC control number | 64012184 |
| 040 ## - CATALOGING SOURCE | |
| Original cataloging agency | DLC |
| Transcribing agency | DLC |
| Modifying agency | DLC |
| 043 ## - GEOGRAPHIC AREA CODE | |
| Geographic area code | e-ur--- |
| 050 00 - LIBRARY OF CONGRESS CALL NUMBER | |
| Classification number | JX1995 |
| Item number | .R8 |
| 082 00 - DEWEY DECIMAL CLASSIFICATION NUMBER | |
| Classification number | 327.47 |
| Edition number | 22 |
| Item number | RUB |
| 100 1# - MAIN ENTRY--PERSONAL NAME | |
| Personal name | Rubinstein, Alvin Z. |
| 9 (RLIN) | 10515 |
| 245 14 - TITLE STATEMENT | |
| Title | The Soviets in International Organizations: |
| Remainder of title | Changing policy toward Developing Countries, 1953-1963/ |
| Statement of responsibility, etc | By Alvin Z. Rubinstein; With a foreword by Philip E. Jacob |
| 260 ## - PUBLICATION, DISTRIBUTION, ETC. (IMPRINT) | |
| Place of publication, distribution, etc | Princeton: |
| Name of publisher, distributor, etc | Princeton University Press, 1964 |
| Date of publication, distribution, etc | 1964. |
| 300 ## - PHYSICAL DESCRIPTION | |
| Extent | xix, 380 p.; |
| Dimensions | 23 cm. |
| 500 ## - GENERAL NOTE | |
| General note | Donated by: Alaa Abdel Ghany |
| 504 ## - BIBLIOGRAPHY, ETC. NOTE | |
| Bibliography, etc | Includes bibliography: p. 365-367 and index |
| 650 #0 - SUBJECT ADDED ENTRY--TOPICAL TERM | |
| Topical term or geographic name as entry element | Technical assistance, Soviet. |
| 9 (RLIN) | 10517 |
| 651 ## - SUBJECT ADDED ENTRY--GEOGRAPHIC NAME | |
| 9 (RLIN) | 10513 |
| Geographic name | Soviet Union |
| General subdivision | --Foreign relations |
| Chronological subdivision | --1985-1991 |
| 651 ## - SUBJECT ADDED ENTRY--GEOGRAPHIC NAME | |
| 9 (RLIN) | 10514 |
| Geographic name | Soviet Union |
| General subdivision | --Foreign relations |
| 650 #0 - SUBJECT ADDED ENTRY--TOPICAL TERM | |
| 9 (RLIN) | 10516 |
| Topical term or geographic name as entry element | International agencies |
| 942 ## - ADDED ENTRY ELEMENTS (KOHA) | |
| Source of classification or shelving scheme | Dewey Decimal Classification |
| Item type | Book - Borrowing |
| Withdrawn status | Item status | Source of classification or shelving scheme | Damaged status | Not for loan | Vendor | Home library | Current library | Shelving location | Date acquired | Source of acquisition | Total Checkouts | Full call number | Barcode | Date last seen | Koha item type |
|---|---|---|---|---|---|---|---|---|---|---|---|---|---|---|---|
| Dewey Decimal Classification | Central Library | Central Library | First floor | 20/01/2010 | Donation | 327.47 RUB | 000019463 | 15/07/2025 | Book - Borrowing |